| 000 | 01394nam a22003257a 4500 | ||
|---|---|---|---|
| 003 | AR-RoUNA | ||
| 005 | 20250607062705.0 | ||
| 008 | 220302b |||||||| |||| 00| 0 spa d | ||
| 020 | _a9789874012449 | ||
| 040 |
_aAR-RoUNA _bspa _dAR-RoUNA |
||
| 041 |
_aspa _hspa |
||
| 044 | _aag | ||
| 245 | 1 |
_aMonumentos Historicos Nacionales de la Republica Argentina : _bciudad de Buenos Aires _c / coordinacion y dirigido por Alberto Petrina; Sergio Lopez Martinez; editado por Sergio Lopez Martinez; prologo de Teresa Anchorena y Alberto Petrina |
|
| 250 | _a1a. ed. | ||
| 260 |
_aCiudad Autonoma de Buenos Aires : _bMinisterio de Cultura de la Nacion, _c2017 |
||
| 300 |
_a354 p.: _bfot. col. _c26x18 cm |
||
| 650 | 4 | _aMonumentos historicos | |
| 650 | 4 | _aPatrimonio historico | |
| 651 | 0 |
_aBuenos Aires (Argentina) _9193 |
|
| 700 | 1 |
_aPetrina, Alberto _eCoord. _94551 |
|
| 700 | 1 |
_aLopez Martinez, Sergio _eCoord. _924382 |
|
| 700 | 1 |
_aAnchorena, Teresa _924383 |
|
| 856 |
_uhttps://www.argentina.gob.ar/sites/default/files/guia_de_monumentos_caba_-_cnmlybh_parte_1.pdf _yFull text: Parte II p.1-199 |
||
| 856 |
_uhttps://www.argentina.gob.ar/sites/default/files/guia_de_monumentos_caba_-_cnmlybh_parte_2.pdf _yFull text: Parte II p.200-354 |
||
| 908 | _aImp | ||
| 930 | _e11751 | ||
| 942 |
_2ddc _cLIB |
||
| 945 |
_aMIA _d2023-07-06 |
||
| 980 |
_61 _aMaricel Allasia _8 _gCRON CRON |
||
| 999 |
_c10226 _d10226 |
||